000 00771nam a2200265Ia 4500
003 OSt
005 20221005073709.0
006 a|||||r|||| 00| 0
007 ta
008 221004b |||||||| |||| 00| 0 eng d
020 _a8187553111
024 _a65677
037 _cTextual
040 _aCRL
_cCRL
_beng
041 _2eng
_aeng
082 _aY:45.1, P2
100 _aGill K. P. S. Ed.
_9608224
245 0 _aGlobal threat of Terror
_b Ideological, material and political linkages
260 _aNew Delhi
_bInstitute for conflict management India
_c2002
300 _a268p.
_ccm.
650 _aSOCIOLOGY
700 _a Sahni Ajai Ed.
_9608225
942 _hY:45.1, P2
_cTEXL
_2cc
999 _c981558
_d981558